| 000 | 00842cam a22002655a 4500 | ||
|---|---|---|---|
| 001 | 009052628 | ||
| 003 | OSt | ||
| 005 | 20180108152142.0 | ||
| 008 | 030414t2003 njua frb 001 0 eng d | ||
| 020 | _a0131422464 | ||
| 020 | _a9780131422469 | ||
| 040 |
_aStDuBDS _beng _cStDuBDS _dUk _dEG-ScBUE |
||
| 082 | 0 | 4 |
_a005.2762 _222 _bALU |
| 100 | 1 | _aAlur, Deepak. | |
| 245 | 1 | 0 |
_aCore J2EE patterns : _bbest practices and design strategies / _cDeepak Alur, John Crupi, Dan Malks. |
| 250 | _a2nd ed. | ||
| 260 |
_aUpper Saddle River : _bPrentice Hall PTR, _cc.2003. |
||
| 300 |
_axxx, 650 p. : _bill. ; _c24 cm. |
||
| 504 | _aIncludes bibliographical references and index. | ||
| 650 | 7 |
_aJava (Computer program language) _2BUEsh _93407 |
|
| 653 |
_bGGEN _bCOMSCI _cJanuary2018 |
||
| 700 | 1 | _aCrupi, John. | |
| 700 | 1 | _aMalks, Dan. | |
| 942 | _2ddc | ||
| 999 |
_c25900 _d25872 |
||